Normal view
MARC view
- INFORMATION SUPERHIGHWAY-US, INFORMATION TECHNOLOGY-US, COMPUTER NETWORKS US, TELECOMMUNICATION US, COMPUTER INDUSTRY -US
Entry Topical Term
001 - CONTROL NUMBER
- control field: 60590
003 - CONTROL NUMBER IDENTIFIER
- control field: NUST
005 - DATE AND TIME OF LATEST TRANSACTION
- control field: 20210628202559.0
008 - FIXED-LENGTH DATA ELEMENTS
- fixed length control field: 210628|| aca||aabn | a|a d
040 ## - CATALOGING SOURCE
- Original cataloging agency: NUST
- Transcribing agency: NUST
150 ## - HEADING--TOPICAL TERM
- Topical term or geographic name entry element: INFORMATION SUPERHIGHWAY-US, INFORMATION TECHNOLOGY-US, COMPUTER NETWORKS US, TELECOMMUNICATION US, COMPUTER INDUSTRY -US
670 ## - SOURCE DATA FOUND
- Source citation: Work cat.: (NUST): Gates, Bill ,Bill Gates 60589, The road ahead, 1996
